000 00881cab a2200253 4500
001 ABS58045
008 090401t1997 xxu||||| |||| 00| 0 eng d
035 _a(Sirsi) u82760
041 _aeng
100 _aSeidl, A.
245 _aMarket town muscle
260 _c1997
350 _a0
490 _aEstates Gazette
_v(9750) 13 December 1997, 43-44(2)
520 _aInterview with directors of Countryside Commercial (subsidiary of housebuilder Countryside Properties), which has seen a small but steady increase in pre-tax profits over the last year, based on the quick turn around of smaller sites for development.
650 _aCOMMERCIAL DEVELOPMENT
650 _aCOUNTRYSIDE COMMERCIAL
650 _aCOUNTRYSIDE PROPERTIES
650 _aPROPERTY COMPANIES
650 _aRESULTS
690 _aPROPERTY-PROPERTY DEVELOPMENT
942 _n0
948 _c17/12/1997
999 _c52270
_d52270